Harry Potter - Szkoły Magii - Statystyki

Ogólne statystyki
  • Ten quiz został rozwiązany 13 razy
  • Średni wynik to 6 z 16
Statystyki odpowiedzi
Odpowiedź % Poprawnych
Szkoła Magii i Czarodziejstwa Hogwart
92%
Wielka Brytania
92%
Francja
83%
USA
67%
Instytut Durmstrang
42%
Akademia Magii Beauxbatons
33%
Rosja
33%
Brazylia
25%
Japonia
25%
Szkoła Magii i Czarodziejstwa Ilvermorny
25%
Castelobruxo
17%
Koldovstoretz
17%
Mahoutokoro
17%
Skandynawia (Norwegia lub Szwecja)
17%
Uagadou
17%
Uganda
17%
Nie znaleziono quizów pasujących do podanych kryteriów
Rozkład punktacji
Procent ludzi z każdym wynikiem
Percentyl według liczby udzielonych odpowiedzi
Twoja historia wyników
Nie rozwiązałeś tego quizu